The Leasehold Reform (Collective Enfranchisement and Lease Renewal) (Amendment) (England) Regulations 2003 (Record no. 103970)

MARC details
000 -LEADER
fixed length control field 01495cam a2200241 4500
008 - FIXED-LENGTH DATA ELEMENTS--GENERAL INFORMATION
fixed length control field 040426n2003 000 0 eng u
020 ## - INTERNATIONAL STANDARD BOOK NUMBER
International Standard Book Number 0110472527
035 ## - SYSTEM CONTROL NUMBER
System control number (Sirsi) u128649
041 ## - LANGUAGE CODE
Language code of text/sound track or separate title eng
245 #4 - TITLE STATEMENT
Title The Leasehold Reform (Collective Enfranchisement and Lease Renewal) (Amendment) (England) Regulations 2003
260 ## - PUBLICATION, DISTRIBUTION, ETC.
Place of publication, distribution, etc. London
Name of publisher, distributor, etc. HMSO
Date of publication, distribution, etc. 2003
490 ## - SERIES STATEMENT
Series statement SI
Volume/sequential designation 2003: 1990
520 ## - SUMMARY, ETC.
Summary, etc. Amends the Leasehold Reform (Collective Enfranchisement and Lease Renewal) Regulations 2003 which set out the procedure to be followed in relation to applications for collective enfranchisement and lease renewal, made under the Leasehold Reform, Housing and Urban Development Act 1993. Consequential to amendments made to the 1993 ss13 and 39 by the Commonhold and Leasehold Reform Act 2002 s120 and Sched 14 abolishing the residence test. View at www.legislation.hmso.gov.uk
590 ## - LOCAL NOTE (RLIN)
Local note CLR
650 ## - SUBJECT ADDED ENTRY--TOPICAL TERM
Topical term or geographic name entry element COMMONHOLD AND LEASEHOLD REFORM ACT 2002
650 ## - SUBJECT ADDED ENTRY--TOPICAL TERM
Topical term or geographic name entry element LEASEHOLD REFORM (COLLECTIVE ENFRANCHISEMENT AND LEASE RENEWAL) REGULATIONS 2003
650 ## - SUBJECT ADDED ENTRY--TOPICAL TERM
Topical term or geographic name entry element LEASEHOLD REFORM (COLLECTIVE ENFRANCHISEMENT AND LEASE RENEWAL) (AMENDMENT) (ENGLAND) REGULATIONS 2003
650 ## - SUBJECT ADDED ENTRY--TOPICAL TERM
Topical term or geographic name entry element COLLECTIVE ENFRANCHISEMENT
650 ## - SUBJECT ADDED ENTRY--TOPICAL TERM
Topical term or geographic name entry element LEASEHOLD REFORM (COLLECTIVE ENFRANCHISEMENT AND LEASE RENEWAL) REGULATIONS 2003
690 ## - LOCAL SUBJECT ADDED ENTRY--TOPICAL TERM (OCLC, RLIN)
Topical term or geographic name as entry element LANDLORD AND TENANT-LEASEHOLD REFORM
856 ## - ELECTRONIC LOCATION AND ACCESS
Uniform Resource Identifier <a href="https://www.legislation.hmso.gov.uk/si/si2003/20031990.htm">https://www.legislation.hmso.gov.uk/si/si2003/20031990.htm</a>
Public note View the Regulations on the HMSO website...
942 ## - ADDED ENTRY ELEMENTS (KOHA)
Suppress in OPAC 0
Holdings
Withdrawn status Lost status Source of classification or shelving scheme Damaged status Not for loan Home library Current library Shelving location Date acquired Total Checkouts Full call number Barcode Date last seen Copy number Price effective from Koha item type
    Dewey Decimal Classification     Virtual Virtual Online 27/01/2005   ONLINE PUBLICATION 128649-2001 06/08/2019 1 06/08/2019 Book